000
00344nam a2200145Ia 4500
008
150301s2015 xx 000 0 und d
082
_a
615.7
_b
B12K
100
_a
KULKARNI, J.S
245
_a
BIOPHARMACEUTICAL & PHARMACOKINETICS
250
_a
1ST
260
_b
CBS- DELHI
300
_a
300
650
_a
PHARMACOKINETICS
942
_2
ddc
_c
BK
_0
1
999
_c
7251
_d
7251